Miasta Graniczące z Warszawą (z mapą) - Statystyki

Ogólne statystyki
  • Ten quiz został rozwiązany 441 razy
  • Średni wynik to 7 z 18
Odpowiedzi na mapie
Odpowiedzi zakodowano w zielono-czerwonej skali na mapie do tego quizu, zgodnie z poniższymi procentami.
 
Statystyki odpowiedzi
Miasto/Gmina % Poprawnych
Piaseczno
77%
Ząbki
77%
Marki
75%
Łomianki
59%
Piastów
57%
Józefów
55%
Sulejówek
52%
Zielonka
50%
Konstancin Jeziorna
48%
Raszyn
37%
Ożarów Mazowiecki
33%
Jabłonna
32%
Stare Babice
22%
Izabelin
20%
Lesznowola
15%
Nieporęt
14%
Wiązowna
12%
Michałowice
11%
Nie znaleziono quizów pasujących do podanych kryteriów
Rozkład punktacji
Procent ludzi z każdym wynikiem
Percentyl według liczby udzielonych odpowiedzi
Twoja historia wyników
Nie rozwiązałeś tego quizu